| 000 | 00520nam a22001577a 4500 | ||
|---|---|---|---|
| 003 | OSt | ||
| 005 | 20151102142421.0 | ||
| 008 | 151102b xxu||||| |||| 00| 0 eng d | ||
| 040 | _cRUA | ||
| 082 | _aFOR ប៉ុល 1991 B116 Or.1 | ||
| 100 |
_93184 _aប៉ុល ចាន់ថា |
||
| 245 | _aសកម្មភាព និងទិសដៅអភិវឌ្ឍន៍រោងចក្រអារឈើអ្នកលឿង | ||
| 260 |
_aPhnom Penh _bRUA _c1991 |
||
| 300 |
_a92p. _bill. _c29cm. |
||
| 942 |
_2ddc _cFOR |
||
| 999 |
_c2972 _d2972 |
||